LEADER 01118nam a2200301 i 4500 001 991003069279707536 005 20021122115151.0 008 020315s1983 us ||| | eng 020 $a0939950154$c96000 035 $ab11750285-39ule_inst 035 $aLE00646064$9ExL 040 $aDip.to Fisica$bita 082 0 $a52.9.3 082 0 $aQD181 110 2 $aMineralogical Society of America$0530291 245 10$aCarbonates :$bmineralogy and chemistry /$cRichard J. Reeder (ed.) 260 $aWashington, D.C :$bMineralogical Society of America,$cc1983 300 $axii, 394 p. :$bill., charts ;$c23 cm. 490 0 $aReviews in mineralogy ;$v11 500 $aBibliography: p. 369-394. 650 4$aCarbonates 700 1 $aReeder, Richard J.$eauthor$4http://id.loc.gov/vocabulary/relators/aut$0735954 907 $a.b11750285$b27-04-17$c22-11-02 912 $a991003069279707536 945 $aLE006 52.9.3 RIB$g1$i2006000085472$lle006$o-$pE0.00$q-$rl$s- $t0$u1$v0$w1$x0$y.i11992840$z22-11-02 996 $aCarbonates$91454020 997 $aUNISALENTO 998 $ale006$b01-01-02$cm$da $e-$feng$gus $h0$i1 LEADER 03087nam 2200793 450 001 9910826285703321 005 20230810002115.0 010 $a0-271-07920-7 010 $a0-271-07922-3 024 7 $a10.4159/9780271079226 035 $a(CKB)3710000001055886 035 $a(OCoLC)1080549035 035 $a(MdBmJHUP)muse68691 035 $a(MiAaPQ)EBC6224767 035 $a(DE-B1597)584612 035 $a(DE-B1597)9780271079226 035 $a(OCoLC)1262307758 035 $a(EXLCZ)993710000001055886 100 $a20201001d2017 uy 0 101 0 $aeng 135 $aur|||||||nn|n 181 $ctxt$2rdacontent 182 $cc$2rdamedia 183 $acr$2rdacarrier 200 10$aFreedom and the cage $emodern architecture and psychiatry in Central Europe, 1890-1914 /$fLeslie Topp 210 1$aUniversity Park, Pennsylvania :$cPennsylvania State University Press,$d[2017] 210 4$dİ2017 215 $a1 online resource (xxii, 232 pages :)$cillustrations, maps ; 225 1 $aBuildings, landscapes, and societies 311 $a0-271-07710-7 320 $aIncludes bibliographical references (pages 219-228) and index. 327 $aThe free institution -- Regions, nationalism, and the asylum as a political project -- "A white city shimmering" : the rhetorical heightening of control -- Utopia in process in Vienna's hinterland -- Spaces -- Boundaries. 330 $a"Explores the issues surrounding the architectural design of insane asylums in the late nineteenth-century Habsburg Empire, including the paradox of maximizing individual freedom within an environment of involuntary confinement"--$cProvided by publisher. 410 0$aBuildings, landscapes, and societies. 606 $aHospital architecture$zEurope, Central$xHistory$y19th century 606 $aPsychiatric hospitals$zEurope, Central$xDesign and construction$xHistory$y20th century 606 $aPsychiatric hospitals$zEurope, Central$xDesign and construction$xHistory$y19th century 606 $aHospital architecture$zEurope, Central$xHistory$y20th century 610 $aAustria. 610 $aGermany. 610 $aHabsburg Empire. 610 $aVienna. 610 $aWorld War I. 610 $aarchitecture. 610 $aasylum. 610 $afreedom. 610 $ahospitals. 610 $ainsitution. 610 $alate nineteenth century. 610 $amental health. 610 $anationalism. 610 $apsychiatric. 610 $apsychiatrist. 610 $apsychology. 610 $autopia. 610 $a?caged freedom?. 615 0$aHospital architecture$xHistory 615 0$aPsychiatric hospitals$xDesign and construction$xHistory 615 0$aPsychiatric hospitals$xDesign and construction$xHistory 615 0$aHospital architecture$xHistory 676 $a725.52094 700 $aTopp$b Leslie$f1969-$01653148 801 0$bMiAaPQ 801 1$bMiAaPQ 801 2$bMiAaPQ 906 $aBOOK 912 $a9910826285703321 996 $aFreedom and the cage$94004272 997 $aUNINA LEADER 05172oam 2200697 a 450 001 9910967039803321 005 20170821202910.0 010 $a9798400651304 010 $a9798216084594 010 $a9781440830945 010 $a1440830940 024 7 $a10.5040/9798400651304 035 $a(CKB)3710000000248864 035 $a(EBL)1808810 035 $a(SSID)ssj0001347477 035 $a(PQKBManifestationID)11880995 035 $a(PQKBTitleCode)TC0001347477 035 $a(PQKBWorkID)11350458 035 $a(PQKB)11734369 035 $a(MiAaPQ)EBC1808810 035 $a(DLC)BP9798400651304BC 035 $a(Perlego)4169479 035 $a(EXLCZ)993710000000248864 100 $a20240214e20142024 uy 0 101 0 $aeng 135 $aur|n|---||||| 181 $ctxt 182 $cc 183 $acr 200 10$aFinancial, commercial, and mortgage mathematics and their applications /$fArun J. Prakash and Dilip K. Ghosh 205 $aRev. and updated ed. 210 1$aSanta Barbara, Calif. :$cPraeger,$d2014. 210 2$aLondon :$cBloomsbury Publishing (UK),$d2024 215 $a1 online resource (451 p.) 300 $aDescription based upon print version of record. 311 08$a9781322175904 311 08$a132217590X 311 08$a9781440830938 311 08$a1440830932 320 $aIncludes bibliographical references and index. 327 $aCover; Half Title; Title; Copyright; Contents; Preface; SECTION ONE MATHEMATICAL FOUNDATION; CHAPTER ONE MATHEMATICAL FOUNDATION; Introduction; Organization of the Text; Basic Mathematical Tools; Introduction to Geometric Series; Introduction to Arithmetic Series; The Meaning of the Number e; Exponential Functions and Logarithmic Functions; Basic Differential Calculus; Taylor''s Theorem; Problems; Summary; SECTION TWO TIME VALUE OF MONEY; CHAPTER TWO THE TIME VALUE OF MONEY-CONVENTIONS AND DEFINITIONS; Conventions; Summary; CHAPTER THREE SIMPLE RATE OF INTEREST; Future Value of an Amount 327 $aPresent Value of an AmountDefinition of an Annuity; Future Value of an Annuity; Present Value of an Annuity; Problems with Solutions on Simple Rate of Interest; Summary; CHAPTER FOUR THE TIME VALUE OF MONEY WITH ANNUAL COMPOUNDING; Future Value of an Amount; Present Value of an Amount; Determining Target Interest Rates and Periods; Finding the Unknown Period; Finding the Unknown Rate of Interest; Summary; CHAPTER FIVE TIME VALUE OF MONEY WITH AN ANNUITY; Future Value of an Annuity; Present Value of an Annuity; Present Value of Perpetuity 327 $aMathematical Relationship between Present and Future Value of an AnnuityFinding Unknowns k and n in Case of Annuities; Summary; CHAPTER SIX THE TIME VALUE OF MONEY WITH MULTIPLE COMPOUNDING PERIODS PER YEAR; Future Value of an Amount; Present Value of an Amount; Future Value of Annuity; Present Value of Annuity; Five-Minute Mathematics of Time Value of Money; CHAPTER SEVEN CONTINUOUS COMPOUNDING; Time Value of Money under Continuous Compounding; Summary; CHAPTER EIGHT SPECIAL TOPICS IN TIME VALUE OF MONEY; Obtaining the Time Value of Money for Fractional Periods 327 $aComputing the Present and Future Values of the Deposits Which Start m Periods HenceDeposits (or Dividends or Any Future Income or Expense) Growing at a Constant Rate, g); A Simple Procedure to Amortize a Loan; Finding Time Value of Money Using Financial Calculators; Summary; CHAPTER NINE SPECIAL TOPICS IN FINANCE; Time Value of Money: The Case of Arithmetic and Geometric Growth and Their Applications; Present Value of a Series of Cash Flow with Finite and Infinite Geometric Growth; Present Value of Cash Flows with Arithmetic Growth; Special Cases under Arithmetic Growth 327 $aApplication of Arithmetic and Geometric GrowthTime Value of Money Formulas; Time Value of Money Problems (Chapters 2 to 9); Suggested Readings; SECTION THREE COMMERCIAL MATHEMATICS; CHAPTER TEN COMMERCIAL MATHEMATICS-I; The Generalized Loan-Pricing Model; From Borrower''s Point of View; From Lender''s Point of View; Computational Problems: Commercial Mathematics; CHAPTER ELEVEN COMMERCIAL MATHEMATICS-II; Add-On Interest Loans; A Very Important Point; Repayment Plans on Loans; Level Principal and Interest on the Balance Loans; Computational Problems: Commercial Mathematics 327 $aAdditional Problems: Commercial Mathematics 330 $a Ideal for college students in intermediate finance courses, this book uniquely applies mathematical formulas to teach the underpinnings of financial and lending decisions, covering common applications in real estate, capital budgeting, and commercial loans. 606 $aBusiness mathematics 606 $aReal estate business$xMathematics 615 0$aBusiness mathematics. 615 0$aReal estate business$xMathematics. 676 $a650.01/513 700 $aPrakash$b Arun J$01798562 701 $aGhosh$b Dilip K$0116444 801 0$bDLC 801 1$bDLC 801 2$bUtOrBLW 906 $aBOOK 912 $a9910967039803321 996 $aFinancial, commercial, and mortgage mathematics and their applications$94341400 997 $aUNINA